| 000 | 00796nam a22002537a 4500 | ||
|---|---|---|---|
| 003 | dpl | ||
| 005 | 20180522160131.0 | ||
| 008 | 180522b xxu||||| |||| 00| 0 eng d | ||
| 010 | _aB-011962 | ||
| 020 | _c400.00 | ||
| 035 | _aB-011962, B-11967 | ||
| 037 | _bCen Lib/Ret | ||
| 040 |
_aDPL _bEN _c0 |
||
| 082 |
_a921 _bJUN |
||
| 100 |
_aJuneja, M. M. _916988 |
||
| 245 |
_aG.D. Birla : _cby M. M. Juneja _blife and legacy / |
||
| 260 |
_aHisar _bModern Publishers _c2000 |
||
| 270 |
_a12227-P, Urban Estate-II _bHaryana _e125005 |
||
| 300 |
_a328p. : _c21cm(Hb) _bill. |
||
| 500 | _aIncludes bibliography and index | ||
| 650 |
_aBirlā, Ghanaśyāmadāsa, -- 1894-1983 _927450 |
||
| 650 |
_aIndustrialists -- India -- Biography _9105683 |
||
| 942 |
_2ddc _cEN _h921 _mJUN |
||
| 999 |
_c129805 _d129805 |
||